Nfl draft 1st Round 2025 - Statistics

General Stats
  • This quiz has been taken 26 times
  • The average score is 21 of 32
Answer Stats
Hint Answer % Correct
Giants Abdul Carter
100%
Titans Cam Ward
100%
Jaguars Travis Hunter
100%
Raiders Ashton Jeanty
96%
Patriots Will Campbell
91%
Bears Colston Loveland
87%
Eagles Jihaad Campbell
87%
Browns Mason Graham
87%
Giants Jaxson Dart
83%
Panthers Tetairoa McMillan
83%
Colts Tyler Warren
78%
Packers Matthew Golden
70%
Cowboys Tyler Booker
70%
Jets Armand Membou
65%
Chargers Omarion Hampton
65%
Falcons James Pearce Jr.
61%
Chiefs Josh Simmons
61%
Saints Kelvin Banks Jr.
61%
Cardinals Walter Nolen
61%
Buccaneers Emeka Egbuka
52%
Seahawks Grey Zabel
52%
Dolphins Kenneth Grant
52%
Ravens Malaki Starks
52%
49ers Mykel Williams
52%
Lions Tyleik Williams
52%
Broncos Jahdae Barron
48%
Falcons Jalon Walker
48%
Bills Maxwell Hairston
48%
Bengals Shemar Stewart
48%
Steelers Derrick Harmon
43%
Commanders Josh Conerly Jr.
43%
Vikings Donovan Jackson
35%
No matching quizzes found
Score Distribution
Percent of People with Each Score
Percentile by Number Answered
Your Score History
You have not taken this quiz